| 000 | 00511nam a22001817a 4500 | ||
|---|---|---|---|
| 008 | 230612b |||||||| |||| 00| 0 eng d | ||
| 020 | _a81-85107-94-7 | ||
| 040 |
_aNational Science Library _cNational Science Library |
||
| 080 |
_aR 912(084.4)(540) _bN9 |
||
| 100 |
_aRaju, Saraswati _911508 |
||
| 245 | _aAtlas of women and men in India | ||
| 260 |
_aNew Delhi: _bKali for Women, _c1999 |
||
| 300 | _a131p. | ||
| 365 |
_b1200.00 _cINR |
||
| 650 | _aGeography | ||
| 653 | _aAtlas | ||
| 942 |
_2udc _cREF |
||
| 999 |
_c42485 _d42485 |
||